|
|
|
|
| LEADER |
01217nam a2200289 a 4500 |
| 001 |
GR-Patra32265 |
| 008 |
110104s2012 mau g b 001 b eng d |
| 020 |
|
|
|a 9780132719957
|
| 044 |
|
|
|b ma
|
| 082 |
|
0 |
|a 616.855
|2 22
|
| 100 |
1 |
|
|a Bauman-Wängler, Jacqueline Ann.
|
| 245 |
1 |
0 |
|a Articulatory and phonological impairments :
|b a clinical focus /
|c Jacqueline Bauman-Waengler.
|
| 250 |
|
|
|a 4th ed.
|
| 260 |
|
|
|a Boston :
|b Pearson,
|c c2012
|
| 300 |
|
|
|a xiv, 466 σ. :
|b εικ.
|
| 490 |
1 |
|
|a The Allyn & Bacon communication sciences and disorders series
|
| 504 |
|
|
|a Περιλαμβάνει βιβλιογραφικές παραπομπές (σ. 421-451) και ευρετήρια.
|
| 650 |
|
0 |
|a Articulation disorders
|
| 650 |
|
0 |
|a Articulation disorders
|
| 650 |
|
0 |
|a English language
|x Phonetics
|
| 650 |
|
0 |
|a Phonetics
|
| 710 |
0 |
|
|a Pearson
|
| 830 |
|
0 |
|1 00132266
|1 2001
|a Allyn & Bacon communication sciences and disorders series
|
| 942 |
|
|
|2 ddc
|
| 952 |
|
|
|0 0
|1 0
|2 ddc
|4 0
|6 616_855000000000000_BAU
|7 1
|9 313962
|a LISK
|b LISK
|c BSC
|d 2021-01-17
|e 24
|f 1
|g 0.00
|l 0
|o 616.855 BAU
|p 92410052132
|r 2021-01-17 00:00:00
|t 1
|w 2021-01-17
|y BKN
|x 20120917 0 0
|x GrPaTEI
|
| 971 |
|
|
|a .b26798372
|b 15-04-20
|c 26-09-16
|
| 999 |
|
|
|c 179597
|d 179597
|